[Event "TCh-FRA Top 12 2012"]
[Site "Belfort FRA"]
[Date "2012.06.10"]
[Round "11.3"]
[White "Kosten, Anthony C."]
[Black "So, Wesley"]
[Result "0-1"]
[WhiteTitle "GM"]
[BlackTitle "GM"]
[WhiteElo "2493"]
[BlackElo "2653"]
[WhiteTeam "BISCHWILLER"]
[BlackTeam "CLICHY Echecs 92"]
[WhiteFideId "400114"]
[BlackFideId "5202213"]
[EventDate "2012.05.31"]

1. c4 Nf6 2. Nc3 e6 3. e4 d5 4. e5 d4 5. exf6 dxc3 6. bxc3 Qxf6 7. d4 e5 8. Nf3
Nc6 9. dxe5 Nxe5 10. Qe2 Bd6 11. Bg5 Qe6 12. Nd4 Nd3+ 13. Kd2 Qxe2+ 14. Kxe2 Nc5
15. f3 O-O 16. Kf2 Na4 17. Nb3 Be6 18. Rc1 Ba3 19. Rc2 Bf5 20. Rd2 h6 21. Be3
Rad8 22. Rxd8 Rxd8 23. Nd4 Bg6 24. Nb5 Bb2 25. Nxc7 Nxc3 26. Bxa7 Rd2+ 27. Kg3
Bb1 28. Nd5 Nxd5 29. cxd5 Bxa2 30. h4 Be5+ 31. f4 Bd6 32. Be3 Rb2 33. h5 Bxd5
34. Rh2 b5 35. Kg4 Be6+ 36. Kf3 f5 37. Bc1 0-1

[Event "TCh-FRA Top 12 2012"]
[Site "Belfort FRA"]
[Date "2012.06.10"]
[Round "11.4"]
[White "Hamdouchi, Hicham"]
[Black "Buhmann, Rainer"]
[Result "1/2-1/2"]
[WhiteTitle "GM"]
[BlackTitle "GM"]
[WhiteElo "2627"]
[BlackElo "2567"]
[WhiteTeam "CLICHY Echecs 92"]
[BlackTeam "BISCHWILLER"]
[WhiteFideId "9000011"]
[BlackFideId "4651340"]
[EventDate "2012.05.31"]

1. e4 e6 2. d4 d5 3. Nc3 Nf6 4. Bg5 dxe4 5. Nxe4 Nbd7 6. Nf3 Be7 7. Nxf6+ Bxf6
8. Qd2 Bxg5 9. Nxg5 Nf6 10. O-O-O O-O 11. Kb1 b6 12. h4 c5 13. Qe3 Bb7 14. Bc4
Qc7 15. dxc5 Qxc5 16. Qxc5 bxc5 17. f3 Rfd8 1/2-1/2

[Event "TCh-FRA Top 12 2012"]
[Site "Belfort FRA"]
[Date "2012.06.10"]
[Round "11.5"]
[White "Maisuradze, Nino"]
[Black "Tregubov, Pavel V."]
[Result "0-1"]
[WhiteTitle "WGM"]
[BlackTitle "GM"]
[WhiteElo "2302"]
[BlackElo "2596"]
[WhiteTeam "BISCHWILLER"]
[BlackTeam "CLICHY Echecs 92"]
[WhiteFideId "13601717"]
[BlackFideId "4115341"]
[EventDate "2012.05.31"]

1. d4 Nf6 2. c4 c5 3. d5 b5 4. cxb5 a6 5. e3 g6 6. Nc3 Bg7 7. a4 O-O 8. Bc4 d6
9. Nf3 Nbd7 10. O-O Nb6 11. Ba2 axb5 12. axb5 Bf5 13. Bd2 Qd7 14. Qe2 Ne4 15.
Bc4 Rab8 16. Ra5 Rb7 17. Bd3 Nxc3 18. bxc3 Bxd3 19. Qxd3 c4 20. Qe4 Qf5 21. Qxf5
gxf5 22. Nd4 Bxd4 23. cxd4 Nxd5 24. Rc1 Rc8 25. f3 Nf6 26. h3 h5 27. Kf2 Kf8 28.
Bc3 Rcb8 29. Rb1 d5 30. Bb4 Ke8 31. Bc5 Kd7 32. h4 Ne8 33. Ke2 Nd6 34. Bxd6 Kxd6
35. Ra6+ Kd7 36. Rh6 Rxb5 37. Rxb5 Rxb5 38. Rxh5 Rb2+ 39. Kd1 Ke6 40. g4 fxg4
41. fxg4 Rh2 42. Rh6+ f6 43. h5 Rg2 44. Rg6 Kf7 45. Ke1 c3 46. Kd1 Rd2+ 47. Kc1
Re2 48. g5 Rxe3 49. Kc2 Rg3 50. Rh6 Rxg5 51. Rh7+ Rg7 52. Rh8 Rg3 53. Rd8 Ke6
54. h6 Rh3 55. Rh8 Kf5 56. h7 Ke4 57. Re8 Rxh7 58. Kxc3 f5 0-1

[Event "TCh-FRA Top 12 2012"]
[Site "Belfort FRA"]
[Date "2012.06.10"]
[Round "11.7"]
[White "Bellahcene, Bilel"]
[Black "Delorme, Axel"]
[Result "1/2-1/2"]
[WhiteTitle "FM"]
[BlackTitle "IM"]
[WhiteElo "2347"]
[BlackElo "2450"]
[WhiteTeam "BISCHWILLER"]
[BlackTeam "CLICHY Echecs 92"]
[WhiteFideId "696358"]
[BlackFideId "632023"]
[EventDate "2012.05.31"]

1. d4 d5 2. c4 e6 3. Nf3 Nf6 4. g3 Bb4+ 5. Bd2 Bd6 6. Nc3 c6 7. Bg2 Nbd7 8. b3
O-O 9. O-O h6 10. Bf4 Bxf4 11. gxf4 b6 12. Ne5 Bb7 13. Qd2 Qe7 14. e3 Rfd8 15.
Rfd1 Rab8 16. Rac1 c5 17. Qb2 Nxe5 18. fxe5 Ne4 19. dxc5 Nxc3 20. Qxc3 Qg5 21.
cxd5 Bxd5 22. e4 Bxe4 23. Qg3 Rxd1+ 24. Rxd1 Bxg2 25. Qxg5 hxg5 26. Kxg2 bxc5
27. Rd7 a6 28. Ra7 Rb6 29. Kf3 c4 30. bxc4 Rc6 31. Ke3 Rxc4 32. Rxa6 Rc5 33. Ke4
Rc2 34. Ke3 Rc5 1/2-1/2

[Event "TCh-FRA Top 12 2012"]
[Site "Belfort FRA"]
[Date "2012.06.10"]
[Round "11.8"]
[White "Skripchenko, Almira"]
[Black "Barbaras, Mathieu"]
[Result "1-0"]
[WhiteTitle "IM"]
[WhiteElo "2440"]
[BlackElo "2115"]
[WhiteTeam "CLICHY Echecs 92"]
[BlackTeam "BISCHWILLER"]
[WhiteFideId "13900145"]
[BlackFideId "20622910"]
[EventDate "2012.05.31"]

1. e4 c5 2. Nc3 e6 3. Nf3 d6 4. g3 Nf6 5. Bg2 Be7 6. O-O O-O 7. d4 cxd4 8. Nxd4
a6 9. a4 Qc7 10. f4 Re8 11. Kh1 Nbd7 12. g4 Nf8 13. g5 N6d7 14. f5 Qd8 15. Qg4
Ne5 16. Qg3 f6 17. h4 Kh8 18. b3 g6 19. Be3 Bd7 20. fxe6 Nxe6 21. Nd5 fxg5 22.
Nxe6 Bxe6 23. hxg5 Rc8 24. c4 Kg8 25. Bb6 Qd7 26. Bd4 Bxd5 27. exd5 Qd8 28. Bh3
Bf8 29. Bxc8 Qxc8 30. Rae1 Bg7 31. Kg2 Re7 32. a5 Qd8 33. Bb6 Qd7 34. Qh3 Qe8
35. Rh1 Bh8 36. Rhf1 Bg7 37. c5 Nf7 38. Rxe7 Qxe7 39. Qg4 dxc5 40. Bxc5 Qxc5 41.
Qe6 Qc7 42. d6 Qc6+ 43. Rf3 Qb5 44. Qxf7+ Kh8 45. Qe7 1-0

[Event "TCh-FRA Top 12 2012"]
[Site "Belfort FRA"]
[Date "2012.06.10"]
[Round "11.1"]
[White "Feller, Sebastien"]
[Black "Le Roux, Jean-Pierre"]
[Result "0-1"]
[WhiteTitle "GM"]
[BlackTitle "GM"]
[WhiteElo "2640"]
[BlackElo "2551"]
[WhiteTeam "EVRY Grand Roque"]
[BlackTeam "Echiquier Guingampais"]
[WhiteFideId "634654"]
[BlackFideId "609404"]
[EventDate "2012.05.31"]

1. d4 Nf6 2. c4 g6 3. f3 c5 4. d5 b5 5. cxb5 a6 6. e4 d6 7. a4 Bg7 8. Na3 O-O 9.
Ne2 e6 10. Nc3 exd5 11. Nxd5 Nbd7 12. Bc4 Bb7 13. O-O Nxd5 14. Bxd5 Bd4+ 15. Kh1
Bxd5 16. exd5 Qh4 17. a5 Nf6 18. Nc2 Bf2 19. g4 Bg3 20. Qd2 axb5 21. Qg2 Be5 22.
f4 Bd4 23. Nxd4 cxd4 24. g5 Nh5 25. Bd2 f5 26. gxf6 Nxf6 27. f5 Qg4 28. fxg6
hxg6 29. Rf4 Qxg2+ 30. Kxg2 Nxd5 31. Rxd4 Rf5 32. Rf1 Re5 33. b4 Rc8 34. Rf2 Rc6
35. h4 Ne7 36. Rg4 d5 37. Bg5 Nf5 38. Ra2 Ree6 39. Rf4 Ne3+ 40. Kf2 Nd1+ 41. Kg2
Ne3+ 42. Kg3 Kg7 43. Bd8 Nf5+ 44. Kf2 d4 45. Bb6 Rc4 46. Bc5 d3 47. Rxc4 bxc4
48. a6 c3 49. a7 Re8 50. a8=Q Rxa8 51. Rxa8 c2 52. Ra7+ Kg8 53. Ra8+ Kf7 54.
Ra7+ Ke6 55. Ra6+ Kd5 56. Ra5 Ke4 57. Ra1 d2 58. Ke2 c1=Q 0-1

[Event "TCh-FRA Top 12 2012"]
[Site "Belfort FRA"]
[Date "2012.06.10"]
[Round "11.3"]
[White "Fedorchuk, Sergey A."]
[Black "Terrieux, Kevin"]
[Result "0-1"]
[WhiteTitle "GM"]
[BlackTitle "IM"]
[WhiteElo "2634"]
[BlackElo "2372"]
[WhiteTeam "EVRY Grand Roque"]
[BlackTeam "Echiquier Guingampais"]
[WhiteFideId "14102536"]
[BlackFideId "622591"]
[EventDate "2012.05.31"]

1. e4 c5 2. Nf3 e6 3. d4 cxd4 4. Nxd4 Nf6 5. Nc3 Nc6 6. a3 Qc7 7. Be2 a6 8. f4
Nxd4 9. Qxd4 Bc5 10. Qd3 d5 11. e5 Ne4 12. Nxe4 dxe4 13. Qxe4 Bd7 14. Bd3 Qb6
15. Qe2 O-O 16. b4 Bd4 17. Rb1 f6 18. Bd2 Rac8 19. exf6 Rxf6 20. Rf1 e5 21. Kd1
Ba4 22. fxe5 Bxe5 23. Rxf6 Bxf6 24. Qe4 g6 25. Be3 Qd6 26. Bc5 Qd7 27. Kc1 Re8
28. Qc4+ Kg7 29. Kd2 Bb5 30. Qf4 Bxd3 31. cxd3 Qd5 32. Qc7+ Kh8 33. d4 Qa2+ 0-1

[Event "TCh-FRA Top 12 2012"]
[Site "Belfort FRA"]
[Date "2012.06.10"]
[Round "11.4"]
[White "Bailet, Pierre"]
[Black "Tkachiev, Vladislav"]
[Result "0-1"]
[WhiteTitle "IM"]
[BlackTitle "GM"]
[WhiteElo "2425"]
[BlackElo "2641"]
[WhiteTeam "Echiquier Guingampais"]
[BlackTeam "EVRY Grand Roque"]
[WhiteFideId "655830"]
[BlackFideId "618438"]
[EventDate "2012.05.31"]

1. e4 d6 2. d4 g6 3. Nf3 Nf6 4. Nc3 Bg7 5. Be2 O-O 6. O-O c6 7. Re1 Nbd7 8. e5
dxe5 9. dxe5 Ng4 10. e6 fxe6 11. Bc4 Nde5 12. Qxd8 Rxd8 13. Nxe5 Nxe5 14. Bb3
Nf7 15. Bf4 Kf8 16. Bxe6 Bxe6 17. Rxe6 Rd4 18. Re4 Rad8 19. Kf1 b5 20. Rb1 R4d7
21. Re6 g5 22. Be3 Ne5 23. Ne4 h6 24. f4 Nc4 25. Ke2 Nxe3 26. Kxe3 gxf4+ 27.
Kxf4 Rc8 28. Ng3 Rd2 29. Re2 Rxe2 30. Nxe2 Rd8 31. Ke3 Bf6 32. Rf1 Ke8 33. Nc3
b4 34. Na4 Rd5 35. c4 Bg5+ 36. Kf3 Rd3+ 37. Kg4 Rd4+ 38. Kh5 Rh4+ 39. Kg6 Rxh2
40. g3 Rg2 41. Rf3 Bh4 42. Kxh6 Bxg3 43. a3 bxa3 44. Rxa3 Be5 45. b4 Kf7 46. Kh5
Bf6 47. b5 cxb5 48. cxb5 Kg7 0-1

[Event "TCh-FRA Top 12 2012"]
[Site "Belfort FRA"]
[Date "2012.06.10"]
[Round "11.6"]
[White "Migot, Tangi"]
[Black "Hauchard, Arnaud"]
[Result "1-0"]
[BlackTitle "GM"]
[WhiteElo "2257"]
[BlackElo "2536"]
[WhiteTeam "Echiquier Guingampais"]
[BlackTeam "EVRY Grand Roque"]
[WhiteFideId "662445"]
[BlackFideId "600113"]
[EventDate "2012.05.31"]

1. e4 c5 2. Nf3 e6 3. d4 cxd4 4. Nxd4 a6 5. c4 Nf6 6. Nc3 Qc7 7. a3 b6 8. Be3
Bb7 9. f3 d6 10. Rc1 Nbd7 11. Be2 Be7 12. O-O O-O 13. b4 Rac8 14. Nb3 Qb8 15.
Na4 Bd8 16. Kh1 Re8 17. Bg1 d5 18. exd5 exd5 19. c5 b5 20. Nc3 Nh5 21. Nd4 Nf4
22. a4 bxa4 23. Qxa4 Qc7 24. Rfe1 Nxe2 25. Ncxe2 Ba8 26. Qxa6 Bg5 27. Rb1 Bh4
28. Rec1 Bb7 29. Qa4 Ne5 30. b5 Nd3 31. c6 Nxc1 32. cxb7 Qxb7 33. Rxc1 Rxc1 34.
Nxc1 Bf6 35. Nd3 Ra8 36. Qb3 Rb8 37. Nc5 Qc8 38. Nc6 Rb6 39. Nd3 d4 40. Bxd4 Rb7
41. Bg1 h5 42. Nc5 Rb6 43. Ne4 Rxc6 44. bxc6 Qxc6 45. Qb6 Qxb6 46. Bxb6 Be5 47.
h3 Kh7 48. Kg1 Kg6 49. Kf2 f5 50. Nd2 f4 51. Ne4 Kf5 52. Bd8 g6 53. Ke2 Bb8 54.
Kd3 Ba7 55. Kc4 Ke5 56. Bc7+ Kf5 57. Kd5 g5 58. Nd6+ Kg6 59. Ke4 Bc5 60. Nc4 Bf2
61. Ne5+ 1-0

[Event "TCh-FRA Top 12 2012"]
[Site "Belfort FRA"]
[Date "2012.06.10"]
[Round "11.7"]
[White "Moussard, Jules"]
[Black "Luco, Alain"]
[Result "1-0"]
[WhiteTitle "IM"]
[WhiteElo "2402"]
[BlackElo "2055"]
[WhiteTeam "EVRY Grand Roque"]
[BlackTeam "Echiquier Guingampais"]
[WhiteFideId "642908"]
[BlackFideId "604232"]
[EventDate "2012.05.31"]

1. d4 Nf6 2. c4 c5 3. d5 b5 4. cxb5 a6 5. b6 Bb7 6. Nc3 e6 7. e4 exd5 8. exd5 d6
9. a4 a5 10. Bb5+ Nbd7 11. Nf3 Be7 12. Nh4 O-O 13. Nf5 Nxb6 14. Ne3 Nfd7 15. O-O
Bf6 16. Qd2 Qc7 17. Rd1 c4 18. Qc2 Rfc8 19. Ne4 Be5 20. Nf5 Nxd5 21. Rxd5 Bxd5
22. Ne7+ Kh8 23. Nxd5 Qb7 24. Bxd7 Qxd5 25. Bxc8 Rxc8 26. Bd2 f5 27. Nc3 Qf7 28.
Re1 Qh5 29. f4 Bd4+ 30. Be3 Bf6 31. Nd5 Qg6 32. Nxf6 Qxf6 33. Qc3 Qf7 34. Qxa5 1-0

[Event "TCh-FRA Top 12 2012"]
[Site "Belfort FRA"]
[Date "2012.06.10"]
[Round "11.8"]
[White "Le Diouron, Aurelie"]
[Black "Milliet, Sophie"]
[Result "0-1"]
[BlackTitle "IM"]
[WhiteElo "1954"]
[BlackElo "2387"]
[WhiteTeam "Echiquier Guingampais"]
[BlackTeam "EVRY Grand Roque"]
[WhiteFideId "637432"]
[BlackFideId "623725"]
[EventDate "2012.05.31"]

1. d4 Nf6 2. Nf3 c5 3. e3 g6 4. c3 b6 5. Bd3 Bb7 6. O-O Bg7 7. Nbd2 cxd4 8. cxd4
d5 9. Qa4+ Nbd7 10. Ne5 O-O 11. Ndf3 Nxe5 12. Nxe5 Ne4 13. f3 Nd6 14. Bd2 f6 15.
Ng4 Re8 16. Rac1 e5 17. dxe5 fxe5 18. e4 h5 19. Nf2 d4 20. Nh3 Bf6 21. Rc2 Bc8
22. Nf2 Bd7 23. Qa3 Be7 24. f4 Kg7 25. Bb4 Nf7 26. fxe5 Nxe5 27. Ba6 Nc6 28.
Bxe7 Qxe7 29. Qxe7+ Rxe7 30. Bb7 Nb4 31. Bxa8 Nxc2 32. Rc1 Ne3 33. Rc7 Rf7 34.
Rxa7 d3 35. Ra3 Rxf2 36. Kxf2 d2 0-1

[Event "TCh-FRA Top 12 2012"]
[Site "Belfort FRA"]
[Date "2012.06.10"]
[Round "11.1"]
[White "Kulaots, Kaido"]
[Black "Naiditsch, Arkadij"]
[Result "0-1"]
[WhiteTitle "GM"]
[BlackTitle "GM"]
[WhiteElo "2574"]
[BlackElo "2698"]
[WhiteTeam "L'Echiquier Deauvillais"]
[BlackTeam "MARSEILLE Echecs"]
[WhiteFideId "4500261"]
[BlackFideId "4650891"]
[EventDate "2012.05.31"]

1. d4 Nf6 2. c4 e6 3. Nc3 Bb4 4. Qc2 O-O 5. e4 d5 6. e5 Ne4 7. Bd3 c5 8. Nf3
cxd4 9. Nxd4 Nd7 10. Bf4 Qh4 11. g3 Qh5 12. O-O g5 13. cxd5 gxf4 14. Bxe4 Nxe5
15. dxe6 Ng4 16. Nf3 Bxe6 17. Rad1 Rac8 18. Bxb7 Rc7 19. Be4 fxg3 20. hxg3 Qh3
21. Qc1 f5 22. Bd5 Bxd5 23. Rxd5 f4 24. Rg5+ Kh8 25. Qd1 Bc5 26. Ne4 Ne3 27.
fxe3 Bxe3+ 28. Rf2 Rc1 29. Qxc1 Bxc1 0-1

[Event "TCh-FRA Top 12 2012"]
[Site "Belfort FRA"]
[Date "2012.06.10"]
[Round "11.3"]
[White "Cornette, Matthieu"]
[Black "Delchev, Aleksander"]
[Result "1/2-1/2"]
[WhiteTitle "GM"]
[BlackTitle "GM"]
[WhiteElo "2552"]
[BlackElo "2622"]
[WhiteTeam "L'Echiquier Deauvillais"]
[BlackTeam "MARSEILLE Echecs"]
[WhiteFideId "620084"]
[BlackFideId "2900394"]
[EventDate "2012.05.31"]

1. c4 e5 2. Nc3 Nc6 3. Nf3 g6 4. g3 Bg7 5. Bg2 d6 6. d3 Nf6 7. O-O O-O 8. Rb1 a5
9. a3 Re8 10. Bg5 h6 11. Bxf6 Bxf6 12. b4 axb4 13. axb4 Bg7 14. b5 1/2-1/2

[Event "TCh-FRA Top 12 2012"]
[Site "Belfort FRA"]
[Date "2012.06.10"]
[Round "11.6"]
[White "Istratescu, Andrei"]
[Black "Godard, Maxence"]
[Result "1-0"]
[WhiteTitle "GM"]
[BlackTitle "IM"]
[WhiteElo "2636"]
[BlackElo "2363"]
[WhiteTeam "MARSEILLE Echecs"]
[BlackTeam "L'Echiquier Deauvillais"]
[WhiteFideId "1200372"]
[BlackFideId "603694"]
[EventDate "2012.05.31"]

1. e4 c6 2. d4 d5 3. e5 Bf5 4. h4 h5 5. Bg5 Qb6 6. Bd3 Bxd3 7. Qxd3 e6 8. Nd2
Ne7 9. c4 Nf5 10. Ngf3 dxc4 11. Nxc4 Qb5 12. O-O Na6 13. a4 Qd5 14. Ne3 Nxe3 15.
fxe3 Nc5 16. Qc2 Ne4 17. Nd2 Nxg5 18. hxg5 Be7 19. Ne4 h4 20. g6 O-O 21. Nc3 Qc4
22. b3 Qb4 23. Na2 Qa3 24. Nc3 Qb4 25. gxf7+ Rxf7 26. Rxf7 Kxf7 27. Rf1+ Kg8 28.
Na2 Qa3 29. Qg6 Bg5 30. Qxg5 Qxa2 31. Qg6 Qxa4 32. bxa4 1-0

[Event "TCh-FRA Top 12 2012"]
[Site "Belfort FRA"]
[Date "2012.06.10"]
[Round "11.7"]
[White "Battaglini, Gabriel"]
[Black "Marzolo, Cyril"]
[Result "1-0"]
[WhiteTitle "IM"]
[BlackTitle "IM"]
[WhiteElo "2412"]
[BlackElo "2450"]
[WhiteTeam "L'Echiquier Deauvillais"]
[BlackTeam "MARSEILLE Echecs"]
[WhiteFideId "621650"]
[BlackFideId "608653"]
[EventDate "2012.05.31"]

1. e4 c5 2. d4 cxd4 3. c3 dxc3 4. Nxc3 Nc6 5. Nf3 e6 6. Bc4 Qc7 7. O-O Nf6 8.
Bg5 a6 9. Bb3 Bd6 10. Rc1 Ng4 11. h3 h6 12. Bd2 Nf6 13. Re1 Qb8 14. Qe2 Nh7 15.
Nd5 b5 16. e5 Bf8 17. Qe4 a5 18. Nd4 a4 19. Nxc6 dxc6 20. Rxc6 Bd7 21. Nc7+ Kd8
22. Rb6 1-0